MARC

LEADER 00000nam0a2200000 4500
001 325624
005 20231102003800.0
035 |a (RuTPU)RU\TPU\book\351239 
090 |a 325624 
100 |a 20161208d1962 k y0rusy50 ca 
101 1 |a rus  |c eng 
102 |a RU 
105 |a a z 001zy 
200 1 |a Автоматическое регулирование  |e пер. с англ.  |f О. Дж. М. Смит 
210 |a Москва  |c Физматгиз  |d 1962 
215 |a 847 с.  |c ил. 
320 |a Библиогр. в конце глав 
320 |a Предм. указ.: с. 842-847 
606 1 |a Автоматическое регулирование  |x Математические исследования  |2 stltpush  |3 (RuTPU)RU\TPU\subj\935  |9 29740 
610 1 |a линейный анализ 
610 1 |a одноконтурные системы 
610 1 |a аналоги s-плоскости 
610 1 |a многоконтурные системы 
610 1 |a спектральная плотность 
610 1 |a линейный синтез 
610 1 |a линейные системы 
610 1 |a проектирование 
610 1 |a фильтр 
610 1 |a преобразование 
610 1 |a системы с распределенными параметрами 
610 1 |a релейные системы 
610 1 |a анализ 
610 1 |a многокомпозиционные контакторы 
610 1 |a направленные нелинейности 
610 1 |a разрывные нелинейности 
610 1 |a нелинейный синтез 
675 |a 681.51.01:51  |v 4 
700 1 |a Смит  |b О. Дж. М.  |g Отто Дж. М. 
801 1 |a RU  |b 63413507  |c 20161208 
801 2 |a RU  |b 63413507  |c 20180216  |g RCR 
942 |c BK